000 00564nam a2200193Ia 4500
003 GCL
008 140319s9999 xx 000 0 ara d
040 _aGCL /
_cGCL
082 0 4 _a955
_bن ق
100 1 _aنصرالله كسرائيان
245 1 0 _aتركمن هاى ايران /
_cنصرالله كسرائيان
260 _a[S.N] :
_bنصر الله كسوائيان ،
_c1991
300 _a190 ص
490 _a
650 0 4 _aايران
650 0 4 _aالاحوال الاجتماعية
650 0 4 _aاللغة الفارسية
942 _2ddc
_cBK
999 _c36267
_d36267